[Event "Kimry-ch 60th"]
[Site "Kimry"]
[Date "2012.01.06"]
[Round "8"]
[White "Dobrynina, Aleksandra"]
[Black "Tikhnenko, Aleksandr"]
[Result "0-1"]
[WhiteElo "2008"]
[BlackElo "2199"]
[PlyCount "57"]
[EventDate "2012.01.02"]
[EventType "swiss"]
[EventRounds "9"]
[EventCountry "RUS"]
[SourceTitle "CBM 146 Extra"]
[Source "ChessBase"]
[SourceDate "2012.02.29"]
[SourceVersion "1"]
[SourceVersionDate "2012.02.29"]
[SourceQuality "1"]

1. d4 d5 2. c4 dxc4 3. e3 Nf6 4. Bxc4 e6 5. Nf3 c5 6. Nc3 Be7 7. 0-0 Nc6 8. a3 cxd4 9. exd4 0-0 10. Bg5 b6 11. Qd3 Bb7 12. Rad1 Qc8 13. Rfe1 Rd8 14. d5 exd5 15. Bxd5 h6 16. Bc1 Nxd5 17. Nxd5 Bf8 18. Qc3 Qf5 19. Ne3 Qh5 20. Nf1 Rac8 21. Ng3 Qg4 22. h3 Qa4 23. b3 Qb5 24. Qb2 Na5 25. Nd4 Qd5 26. f3 Rxc1 27. Qxc1 Bc5 28. Ngf5 Qxf5 29. Re8+ 0-1

[Event "Kimry-ch 60th"]
[Site "Kimry"]
[Date "2012.01.05"]
[Round "6"]
[White "Terentieva, Alena"]
[Black "Tikhnenko, Aleksandr"]
[Result "1/2-1/2"]
[WhiteElo "1775"]
[BlackElo "2199"]
[PlyCount "24"]
[EventDate "2012.01.02"]
[EventType "swiss"]
[EventRounds "9"]
[EventCountry "RUS"]
[SourceTitle "CBM 146 Extra"]
[Source "ChessBase"]
[SourceDate "2012.02.29"]
[SourceVersion "1"]
[SourceVersionDate "2012.02.29"]
[SourceQuality "1"]

1. e4 d5 2. exd5 Qxd5 3. Nc3 Qa5 4. d4 Nf6 5. Nf3 Bg4 6. h3 Bh5 7. g4 Bg6 8. Ne5 e6 9. Nc4 Qa6 10. Ne5 Qa5 11. Nc4 Qa6 12. Ne5 Qa5 1/2-1/2

[Event "Kimry-ch 60th"]
[Site "Kimry"]
[Date "2012.01.05"]
[Round "7"]
[White "Tikhnenko, Aleksandr"]
[Black "Khamko, Kristina"]
[Result "1-0"]
[WhiteElo "2199"]
[BlackElo "1609"]
[PlyCount "123"]
[EventDate "2012.01.02"]
[EventType "swiss"]
[EventRounds "9"]
[EventCountry "RUS"]
[SourceTitle "CBM 146 Extra"]
[Source "ChessBase"]
[SourceDate "2012.02.29"]
[SourceVersion "1"]
[SourceVersionDate "2012.02.29"]
[SourceQuality "1"]

1. d4 b6 2. e4 Bb7 3. Nc3 d5 4. Bb5+ c6 5. Bd3 e6 6. Nf3 Nd7 7. 0-0 Bb4 8. e5 f6 9. exf6 Ngxf6 10. Re1 0-0 11. Rxe6 Re8 12. Qe2 Qc7 13. Bd2 Nf8 14. Re3 Bd6 15. Ne5 Re7 16. Re1 Rae8 17. f4 Bc8 18. h3 Ne6 19. Nxc6 Qxc6 20. Bb5 Nxd4 21. Bxc6 Nxe2+ 22. R1xe2 Rxe3 23. Bxe3 Ba6 24. Bxe8 Bxe2 25. Bc6 Ba6 26. Nxd5 Nxd5 27. Bxd5+ Kf8 28. Kf2 Bc8 29. Kf3 g6 30. g4 Bd7 31. Bd4 Bc8 32. c3 Bd7 33. Be5 Ke7 34. h4 h6 35. Bxd6+ Kxd6 36. Bf7 h5 37. gxh5 gxh5 38. Bxh5 Be6 39. Bg6 Bxa2 40. h5 Ke6 41. h6 Kf6 42. h7 Kg7 43. f5 Bd5+ 44. Kf4 Bc4 45. f6+ Kh8 46. f7 Bxf7 47. Bxf7 Kxh7 48. b4 Kg7 49. Bd5 Kf6 50. c4 Ke7 51. Ke5 Kd7 52. c5 bxc5 53. bxc5 Kc7 54. Kd4 a5 55. Kc4 a4 56. Kb4 a3 57. Kb5 a2 58. Bxa2 Kb7 59. c6+ Kc7 60. Kc5 Kc8 61. Kb6 Kb8 62. c7+ 1-0

[Event "Kimry-ch 60th"]
[Site "Kimry"]
[Date "2012.01.03"]
[Round "2"]
[White "Milkin, Sergey"]
[Black "Tikhnenko, Aleksandr"]
[Result "0-1"]
[WhiteElo "2013"]
[BlackElo "2199"]
[PlyCount "96"]
[EventDate "2012.01.02"]
[EventType "swiss"]
[EventRounds "9"]
[EventCountry "RUS"]
[SourceTitle "CBM 146 Extra"]
[Source "ChessBase"]
[SourceDate "2012.02.29"]
[SourceVersion "1"]
[SourceVersionDate "2012.02.29"]
[SourceQuality "1"]

1. d4 d5 2. Bf4 c6 3. c3 Bf5 4. Nf3 e6 5. e3 Nf6 6. Bd3 Qb6 7. Bxf5 exf5 8. Qb3 Be7 9. h3 Qa6 10. Nbd2 Nbd7 11. c4 Nb6 12. Ne5 Ne4 13. Nxe4 fxe4 14. c5 Na4 15. 0-0-0 f6 16. Ng4 b6 17. cxb6 axb6 18. f3 exf3 19. gxf3 0-0 20. e4 Kh8 21. exd5 cxd5 22. Ne3 Rfc8+ 23. Kb1 Bf8 24. Nxd5 Qe2 25. Rh2 Qe6 26. Ne3 Qd7 27. Qd5 Qe8 28. h4 Ra5 29. Qb7 Rca8 30. Rc1 R5a7 31. Qc6 Qd8 32. Qd5 Rd7 33. Qb5 Rxd4 34. Bc7 Qe8 35. Qxe8 Rxe8 36. Nc4 b5 37. Nd2 Rd3 38. f4 h6 39. Nb3 Kg8 40. Ba5 Re4 41. Rf1 Ree3 42. Bd2 Rh3 43. Rxh3 Rxh3 44. Be1 Rh2 45. Bf2 Bd6 46. Nd4 Bc5 47. Nxb5 Bxf2 48. b3 Nc5 0-1

[Event "Kimry Spring op"]
[Site "Kimry"]
[Date "2011.05.02"]
[Round "7"]
[White "Mikhailov, Ivan"]
[Black "Tikhnenko, Aleksandr"]
[Result "0-1"]
[WhiteElo "2011"]
[BlackElo "2214"]
[PlyCount "118"]
[EventDate "2011.04.29"]
[EventType "swiss"]
[EventRounds "8"]
[EventCountry "RUS"]
[SourceTitle "CBM 142 Extra"]
[Source "ChessBase"]
[SourceDate "2011.06.27"]
[SourceVersion "1"]
[SourceVersionDate "2011.06.27"]
[SourceQuality "1"]

1. d4 d5 2. c4 dxc4 3. e3 e5 4. Bxc4 exd4 5. exd4 Nf6 6. Nf3 Bb4+ 7. Nc3 0-0 8. 0-0 Bg4 9. Qb3 Bxf3 10. Qxb4 Nc6 11. Qa4 Bd5 12. Bxd5 Nxd5 13. Qb5 Nb6 14. d5 a6 15. Qc5 Ne7 16. Rd1 Nbc8 17. Bg5 Nd6 18. Re1 f6 19. Bf4 Nef5 20. Ne4 Qd7 21. Rac1 Rac8 22. Nxd6 cxd6 23. Qb6 g5 24. Bd2 Nh4 25. h3 g4 26. Qd4 h5 27. Rxc8 Qxc8 28. Re6 Qc2 29. Bc3 Qf5 30. hxg4 hxg4 31. Re4 Ng6 32. Rxg4 Kf7 33. Qb4 Qxd5 34. Rd4 Qg5 35. Rxd6 Qc1+ 36. Be1 Re8 37. Rd7+ Re7 38. Rxe7+ Nxe7 39. g3 b5 40. Kh2 Ng6 41. Bc3 Qf1 42. Qd4 Ne5 43. Qa7+ Ke8 44. Bxe5 fxe5 45. Qe3 Kd7 46. g4 Qc4 47. g5 Ke6 48. Qb3 Qxb3 49. axb3 Kf5 50. Kg3 Kxg5 51. Kf3 Kf5 52. b4 e4+ 53. Ke3 Ke5 54. b3 Kd5 55. Kf4 Kd4 56. Kf5 e3 57. fxe3+ Kxe3 58. Ke5 Kd3 59. Kd5 Kc3 0-1

[Event "Kimry Spring op"]
[Site "Kimry"]
[Date "2011.04.29"]
[Round "1"]
[White "Loev, Dmitrii"]
[Black "Tikhnenko, Aleksandr"]
[Result "0-1"]
[WhiteElo "1570"]
[BlackElo "2214"]
[PlyCount "122"]
[EventDate "2011.04.29"]
[EventType "swiss"]
[EventRounds "8"]
[EventCountry "RUS"]
[SourceTitle "CBM 142 Extra"]
[Source "ChessBase"]
[SourceDate "2011.06.27"]
[SourceVersion "1"]
[SourceVersionDate "2011.06.27"]
[SourceQuality "1"]

1. e4 d5 2. exd5 Qxd5 3. Nc3 Qa5 4. d4 Nf6 5. Nf3 Bg4 6. h3 Bh5 7. Bd2 e6 8. Nb5 Qb6 9. c4 c6 10. c5 Qd8 11. g4 Bg6 12. Nc3 Nbd7 13. Bg5 Be7 14. Qb3 Qc7 15. 0-0-0 0-0-0 16. Bd3 Bxd3 17. Rxd3 Nxc5 18. Qc2 Nxd3+ 19. Qxd3 h6 20. Bh4 g5 21. Bg3 Bd6 22. Bxd6 Qxd6 23. Ne4 Qf4+ 24. Ned2 e5 25. Nxe5 Qxe5 26. dxe5 Rxd3 27. exf6 Re8 28. Kc2 Rd5 29. Kc3 Re2 30. Nb3 Rxf2 31. h4 Rxf6 32. hxg5 Rxg5 33. Rh4 Rfg6 34. Nc1 Rxg4 35. Rh5 R4g5 36. Rh2 Rg2 37. Rxg2 Rxg2 38. Ne2 Rg4 39. Kd3 f5 40. Ke3 Re4+ 41. Kf3 Rxe2 42. Kxe2 Kd7 43. Kf3 Ke6 44. Kf4 c5 45. b3 b5 46. a3 c4 47. bxc4 bxc4 48. Ke3 Ke5 49. Kd2 h5 50. Kc3 Kd5 51. Kb4 h4 52. Kb5 c3 53. Ka6 c2 54. Kxa7 Kc6 55. Kb8 h3 56. Kc8 h2 57. a4 c1B 58. a5 h1Q 59. Kb8 Qh8+ 60. Ka7 Be3+ 61. Ka6 Qa8# 0-1

[Event "Kimry Summer op 45th"]
[Site "Kimry"]
[Date "2009.06.13"]
[Round "5"]
[White "Tikhnenko, Aleksandr"]
[Black "Zarodov, Alexandr"]
[Result "1/2-1/2"]
[WhiteElo "2225"]
[BlackElo "1970"]
[PlyCount "63"]
[EventDate "2009.06.11"]
[EventType "swiss"]
[EventRounds "8"]
[EventCountry "RUS"]
[SourceTitle "EXT 2022"]
[Source "ChessBase"]
[SourceDate "2021.10.06"]
[SourceVersion "1"]
[SourceVersionDate "2021.10.06"]
[SourceQuality "1"]

1. d4 d5 2. Bg5 Nf6 3. Bxf6 exf6 4. e3 Be6 5. Nd2 c6 6. Bd3 Nd7 7. c3 g6 8. Ne2 Bg7 9. Nf4 Nb6 10. h4 Qd7 11. a4 h5 12. a5 Nc4 13. Nxe6 Qxe6 14. Bxc4 dxc4 15. Qe2 0-0 16. Qxc4 Qg4 17. g3 Rfe8 18. Qe2 Rad8 19. Qxg4 hxg4 20. b4 f5 21. Rb1 a6 22. Ke2 Re7 23. Kd3 Red7 24. Rb2 Rc8 25. Rhb1 Kh7 26. Rb3 Rcd8 27. Nc4 Kh6 28. Nb6 Rc7 29. Na4 Rcd7 30. c4 Kh7 31. Ke2 Re8 32. Kf1 1/2-1/2

[Event "Kimry Summer op 45th"]
[Site "Kimry"]
[Date "2009.06.12"]
[Round "3"]
[White "Tikhnenko, Aleksandr"]
[Black "Prosvetov, Ivan"]
[Result "1/2-1/2"]
[WhiteElo "2225"]
[BlackElo "2058"]
[PlyCount "25"]
[EventDate "2009.06.11"]
[EventType "swiss"]
[EventRounds "8"]
[EventCountry "RUS"]
[SourceTitle "EXT 2022"]
[Source "ChessBase"]
[SourceDate "2021.10.06"]
[SourceVersion "1"]
[SourceVersionDate "2021.10.06"]
[SourceQuality "1"]

1. d4 d5 2. Nf3 Bf5 3. c4 c6 4. Nc3 e6 5. Qb3 Qb6 6. c5 Qxb3 7. axb3 Nd7 8. b4 b6 9. Bf4 f6 10. b5 Ne7 11. Bd6 bxc5 12. dxc5 cxb5 13. Nxb5 1/2-1/2

[Event "Kimry-ch"]
[Site "Kimry"]
[Date "2008.01.07"]
[Round "7"]
[White "Tikhnenko, Aleksandr"]
[Black "Patsyk, Aleksandr"]
[Result "1-0"]
[WhiteElo "2191"]
[BlackElo "2148"]
[PlyCount "49"]
[EventDate "2008.01.02"]
[EventType "swiss"]
[EventRounds "9"]
[EventCountry "RUS"]
[SourceTitle "CBM 122 Extra"]
[Source "ChessBase"]
[SourceDate "2008.03.04"]
[SourceVersion "1"]
[SourceVersionDate "2008.03.04"]
[SourceQuality "1"]

1. e4 c5 2. c3 e5 3. Nf3 Nc6 4. Bc4 Be7 5. d4 d6 6. dxe5 dxe5 7. Qb3 Nf6 8. Bxf7+ Kf8 9. Bd5 Na5 10. Qd1 Bg4 11. c4 Qd6 12. Nc3 Rd8 13. h3 Bh5 14. g4 Bg6 15. Ng5 Rd7 16. Ne6+ Ke8 17. Nxg7+ Kd8 18. Ne6+ Kc8 19. Be3 b6 20. f4 Nc6 21. Qa4 Nd4 22. fxe5 Nf3+ 23. Ke2 Nxe5 24. Qa6+ Kb8 25. Nb5 1-0

[Event "Kimry-ch"]
[Site "Kimry"]
[Date "2008.01.05"]
[Round "5"]
[White "Tikhnenko, Aleksandr"]
[Black "Makhnev, Vladimir"]
[Result "0-1"]
[WhiteElo "2191"]
[BlackElo "2282"]
[PlyCount "100"]
[EventDate "2008.01.02"]
[EventType "swiss"]
[EventRounds "9"]
[EventCountry "RUS"]
[SourceTitle "CBM 122 Extra"]
[Source "ChessBase"]
[SourceDate "2008.03.04"]
[SourceVersion "1"]
[SourceVersionDate "2008.03.04"]
[SourceQuality "1"]

1. e4 e5 2. Bc4 Nf6 3. d3 Nc6 4. Nf3 Be7 5. Bg5 d6 6. c3 h6 7. Bxf6 Bxf6 8. Nbd2 0-0 9. Bb3 Qe7 10. Nf1 Nd8 11. Ne3 c6 12. Qe2 a5 13. g4 a4 14. Bc2 g6 15. h4 Ne6 16. g5 hxg5 17. hxg5 Bxg5 18. Nxg5 Qxg5 19. 0-0-0 Nf4 20. Qf3 Kg7 21. Rdg1 Qf6 22. Kb1 Bd7 23. a3 b5 24. Nf5+ Bxf5 25. exf5 Nd5 26. Qg4 Ne7 27. d4 Rh8 28. Rxh8 Rxh8 29. fxg6 Qe6 30. dxe5 Qxg4 31. Rxg4 Rh1+ 32. Ka2 dxe5 33. gxf7+ Kxf7 34. f4 Rh2 35. Be4 Ke6 36. f5+ Kf6 37. Bxc6 Nxc6 38. Rg6+ Kxf5 39. Rxc6 e4 40. Rc5+ Kf4 41. c4 e3 42. cxb5 e2 43. Rc1 Ke3 44. b6 Rh6 45. b7 Rb6 46. Rc8 Rxb7 47. Re8+ Kd2 48. Rd8+ Ke1 49. Re8 Rb3 50. Kb1 Kd2 0-1

[Event "Kimry-ch"]
[Site "Kimry"]
[Date "2008.01.04"]
[Round "4"]
[White "Kolpakov, Nikolay Anastasievi"]
[Black "Tikhnenko, Aleksandr"]
[Result "0-1"]
[WhiteElo "2221"]
[BlackElo "2191"]
[PlyCount "108"]
[EventDate "2008.01.02"]
[EventType "swiss"]
[EventRounds "9"]
[EventCountry "RUS"]
[SourceTitle "CBM 122 Extra"]
[Source "ChessBase"]
[SourceDate "2008.03.04"]
[SourceVersion "1"]
[SourceVersionDate "2008.03.04"]
[SourceQuality "1"]

1. d4 d5 2. Nf3 e6 3. c4 c5 4. cxd5 exd5 5. Nc3 Nc6 6. g3 Nf6 7. Bg2 Be7 8. 0-0 0-0 9. Be3 c4 10. Ne5 Re8 11. h3 Bb4 12. f4 Bf5 13. g4 Bxc3 14. bxc3 Be4 15. Bf3 Bxf3 16. exf3 Nd7 17. Qd2 Ne7 18. Rab1 f6 19. Nxd7 Qxd7 20. f5 Nc6 21. Bf4 Re7 22. Rfe1 Rae8 23. Rxe7 Rxe7 24. Kf2 b5 25. Rxb5 Kf7 26. Rb1 g5 27. fxg6+ hxg6 28. Bg3 Kg7 29. Re1 Qb7 30. Rxe7+ Nxe7 31. Qe2 Kf7 32. Bd6 Nc8 33. Bf4 g5 34. Bg3 Ne7 35. h4 gxh4 36. Bxh4 Ng6 37. Bg3 Qb1 38. Qd2 a5 39. Kg2 a4 40. a3 Nf8 41. Bd6 Ne6 42. Kg3 Qg1+ 43. Qg2 Qe1+ 44. Qf2 Qxc3 45. Qh2 Ng5 46. Qe2 Ne4+ 47. Kh4 Nxd6 48. Qd1 Qxa3 49. Qb1 Qxf3 50. Qh7+ Kf8 51. Qd7 Qh1+ 52. Kg3 Ne4+ 53. Kf4 Qf1+ 54. Ke3 Qf2# 0-1

[Event "Kimry-ch"]
[Site "Kimry"]
[Date "2008.01.03"]
[Round "2"]
[White "Pakhteev, Yury"]
[Black "Tikhnenko, Aleksandr"]
[Result "1/2-1/2"]
[WhiteElo "2298"]
[BlackElo "2191"]
[PlyCount "21"]
[EventDate "2008.01.02"]
[EventType "swiss"]
[EventRounds "9"]
[EventCountry "RUS"]
[SourceTitle "CBM 122 Extra"]
[Source "ChessBase"]
[SourceDate "2008.03.04"]
[SourceVersion "1"]
[SourceVersionDate "2008.03.04"]
[SourceQuality "1"]

1. Nf3 d5 2. d4 e6 3. c4 c5 4. cxd5 exd5 5. Nc3 Nc6 6. g3 Nf6 7. Bg2 Be7 8. 0-0 0-0 9. Bg5 cxd4 10. Nxd4 h6 11. Be3 1/2-1/2

[Event "Kimry Rating op 35th"]
[Site "Kimry"]
[Date "2007.05.30"]
[Round "3"]
[White "Tikhnenko, Aleksandr"]
[Black "Krasnikov, Alexandr"]
[Result "1-0"]
[WhiteElo "2173"]
[BlackElo "2011"]
[PlyCount "57"]
[EventDate "2007.05.28"]
[EventType "swiss"]
[EventRounds "7"]
[EventCountry "RUS"]
[SourceTitle "EXT 2008"]
[Source "ChessBase"]
[SourceDate "2007.11.25"]
[SourceVersion "1"]
[SourceVersionDate "2007.11.25"]
[SourceQuality "1"]

1. Nf3 c5 2. e4 e6 3. d3 d5 4. Nbd2 Nf6 5. g3 Be7 6. Bg2 0-0 7. 0-0 Nc6 8. c3 b6 9. e5 Nd7 10. Re1 Qc7 11. Qe2 Ba6 12. Nf1 b5 13. a3 Rab8 14. h4 b4 15. axb4 Bc8 16. bxc5 Nxc5 17. b4 Nd7 18. d4 a5 19. bxa5 Nxa5 20. Ba3 Re8 21. Bxe7 Rxe7 22. Qe3 Nc4 23. Qg5 f6 24. exf6 Nxf6 25. Ne5 Nxe5 26. Qxe5 Qxc3 27. Qxb8 Re8 28. Rac1 Qxd4 29. Rxc8 1-0

[Event "Kimry Rating op 35th"]
[Site "Kimry"]
[Date "2007.05.29"]
[Round "2"]
[White "Sakhnov, Evgeny"]
[Black "Tikhnenko, Aleksandr"]
[Result "1-0"]
[WhiteElo "2103"]
[BlackElo "2173"]
[PlyCount "89"]
[EventDate "2007.05.28"]
[EventType "swiss"]
[EventRounds "7"]
[EventCountry "RUS"]
[SourceTitle "EXT 2008"]
[Source "ChessBase"]
[SourceDate "2007.11.25"]
[SourceVersion "1"]
[SourceVersionDate "2007.11.25"]
[SourceQuality "1"]

1. e4 d5 2. exd5 Qxd5 3. Nc3 Qa5 4. Nf3 Nf6 5. Be2 Bg4 6. h3 Bh5 7. 0-0 e6 8. d4 Nc6 9. Be3 Bb4 10. Rb1 Rd8 11. a3 Bxc3 12. bxc3 Qxc3 13. Rxb7 Nd5 14. Rb3 Qa5 15. Bd2 Qa4 16. Bb5 Bxf3 17. Bxa4 Bxd1 18. Bxc6+ Ke7 19. Rxd1 Nb6 20. Bb4+ Kf6 21. Rf3+ Kg6 22. Be7 f6 23. Bxd8 Rxd8 24. Rc3 Kf7 25. d5 exd5 26. Rcd3 Ke6 27. c4 Rd6 28. Re3+ Kf5 29. Bxd5 Nxc4 30. Be4+ Ke5 31. Rxd6 Nxe3 32. Rd7 Nc4 33. Rxc7 Nxa3 34. Rxa7 Nc4 35. Bxh7 g5 36. Re7+ Kd6 37. Re6+ Kxe6 38. Bg8+ Ke5 39. Bxc4 f5 40. g3 f4 41. Kg2 fxg3 42. Kxg3 Kf6 43. Kg4 Kg6 44. Bd3+ Kh6 45. f3 1-0

[Event "Kimry Rating op 35th"]
[Site "Kimry"]
[Date "2007.05.28"]
[Round "1"]
[White "Tikhnenko, Aleksandr"]
[Black "Bik Mukhamedov, Mikhail"]
[Result "1-0"]
[WhiteElo "2173"]
[BlackElo "1839"]
[PlyCount "43"]
[EventDate "2007.05.28"]
[EventType "swiss"]
[EventRounds "7"]
[EventCountry "RUS"]
[SourceTitle "EXT 2008"]
[Source "ChessBase"]
[SourceDate "2007.11.25"]
[SourceVersion "1"]
[SourceVersionDate "2007.11.25"]
[SourceQuality "1"]

1. d4 d5 2. Nf3 Nf6 3. Bf4 Nc6 4. e3 a6 5. c4 Bg4 6. Nc3 e5 7. dxe5 Nh5 8. cxd5 Ne7 9. Bg5 h6 10. Bh4 g5 11. Bg3 Ng6 12. Qa4+ Bd7 13. Qe4 Rg8 14. Be2 Qc8 15. e6 fxe6 16. dxe6 Bxe6 17. Nd4 Nxg3 18. hxg3 Kf7 19. Nxe6 Bg7 20. Bc4 b5 21. Nxg5+ Kf8 22. Nh7# 1-0

[Event "Kimry op"]
[Site "Kimry"]
[Date "2004.08.04"]
[Round "3"]
[White "Tikhnenko, Aleksandr"]
[Black "Danilov, Alexandr"]
[Result "1-0"]
[WhiteElo "2195"]
[BlackElo "2329"]
[PlyCount "69"]
[EventDate "2004.08.02"]
[EventType "swiss"]
[EventRounds "4"]
[EventCountry "RUS"]
[SourceTitle "EXT 2006"]
[Source "ChessBase"]
[SourceDate "2005.11.24"]
[SourceVersion "1"]
[SourceVersionDate "2005.11.24"]
[SourceQuality "1"]

1. d4 e6 2. e4 d6 3. Nc3 b6 4. Nf3 Bb7 5. Bd3 Be7 6. 0-0 Nf6 7. Qe2 Nbd7 8. e5 Nd5 9. Nxd5 Bxd5 10. Bf4 0-0 11. c4 Bb7 12. Rad1 f5 13. exf6 Rxf6 14. Ng5 Nf8 15. Bg3 h6 16. Ne4 Rf7 17. Rfe1 Qd7 18. Nc3 Re8 19. Bc2 Bf6 20. Qh5 Rfe7 21. Ba4 Bc6 22. Bc2 Bb7 23. h3 Qc6 24. Be4 d5 25. cxd5 exd5 26. Bxd5+ Qxd5 27. Nxd5 Rxe1+ 28. Rxe1 Rxe1+ 29. Kh2 Bxd4 30. Nxc7 Bxb2 31. Ne8 Bd4 32. Nd6 g6 33. Qg4 Bxg2 34. Kxg2 Re6 35. Qxd4 1-0

[Event "Kimry"]
[Site "Kimry"]
[Date "2004.05.08"]
[Round "8"]
[White "Tikhnenko, Aleksandr"]
[Black "Danilov, Alexandr"]
[Result "1-0"]
[WhiteElo "2195"]
[BlackElo "2329"]
[PlyCount "59"]
[EventDate "2004.05.??"]
[EventType "tourn"]
[EventRounds "11"]
[EventCountry "RUS"]
[SourceTitle "EXT 2005"]
[Source "ChessBase"]
[SourceDate "2004.11.15"]
[SourceVersion "1"]
[SourceVersionDate "2004.11.15"]
[SourceQuality "1"]

1. d4 d5 2. Nf3 Nc6 3. Bf4 g6 4. e3 Bg7 5. c4 f6 6. cxd5 Qxd5 7. Nc3 Qa5 8. Bc4 Bd7 9. d5 Nd8 10. 0-0 e5 11. dxe6 Bxe6 12. Qb3 Bxc4 13. Qxc4 c6 14. Rad1 Ne7 15. b4 Qf5 16. Nd4 Qc8 17. Ne4 Nf7 18. Ne6 Nd5 19. Rxd5 cxd5 20. Qxd5 Qc6 21. Nxg7+ Ke7 22. Qxc6 bxc6 23. Nc5 a5 24. a3 axb4 25. axb4 Nd8 26. Bc7 Ra7 27. Bxd8+ Rxd8 28. Nge6 Rd2 29. Nd4 Kd6 30. Ne4+ 1-0

[Event "Kimry"]
[Site "Kimry"]
[Date "2004.05.03"]
[Round "3"]
[White "Tikhnenko, Aleksandr"]
[Black "Pakhteev, Yury"]
[Result "0-1"]
[WhiteElo "2195"]
[BlackElo "2301"]
[PlyCount "92"]
[EventDate "2004.05.??"]
[EventType "tourn"]
[EventRounds "11"]
[EventCountry "RUS"]
[SourceTitle "EXT 2005"]
[Source "ChessBase"]
[SourceDate "2004.11.15"]
[SourceVersion "1"]
[SourceVersionDate "2004.11.15"]
[SourceQuality "1"]

1. d4 Nf6 2. Nf3 e6 3. Bg5 Be7 4. Nbd2 d5 5. e3 Nbd7 6. Bd3 c5 7. c3 Qc7 8. Ne5 cxd4 9. Nxd7 dxc3 10. Nxf6+ Bxf6 11. Nf3 cxb2 12. Rb1 Qa5+ 13. Ke2 Bc3 14. Qb3 f6 15. Qb5+ Qxb5 16. Bxb5+ Bd7 17. Bxd7+ Kxd7 18. Bh4 h5 19. Bg3 Rac8 20. Rhd1 Rc4 21. h4 Rhc8 22. Nd4 Ra4 23. a3 Rxa3 24. Nb5 Rb3 25. Nxc3 Rcxc3 26. Rd2 a5 27. Rdxb2 Rxb2+ 28. Rxb2 Kc6 29. Kd2 Rc4 30. f3 b5 31. Ra2 Kb6 32. Be1 b4 33. Kd3 Kb5 34. e4 a4 35. exd5 exd5 36. Re2 a3 37. Re7 a2 38. Ra7 Rc1 39. Rxa2 Rxe1 40. Ra7 g5 41. Rh7 Rd1+ 42. Kc2 Rg1 43. Rxh5 Kc4 44. g4 Rg2+ 45. Kb1 Kc3 46. Kc1 Rg1# 0-1

[Event "Kimry"]
[Site "Kimry"]
[Date "2004.05.01"]
[Round "1"]
[White "Tikhnenko, Aleksandr"]
[Black "Volkov, Nikita"]
[Result "1/2-1/2"]
[WhiteElo "2195"]
[BlackElo "2076"]
[PlyCount "108"]
[EventDate "2004.05.??"]
[EventType "tourn"]
[EventRounds "11"]
[EventCountry "RUS"]
[SourceTitle "EXT 2005"]
[Source "ChessBase"]
[SourceDate "2004.11.15"]
[SourceVersion "1"]
[SourceVersionDate "2004.11.15"]
[SourceQuality "1"]

1. d4 Nf6 2. c4 e6 3. Nc3 Bb4 4. a3 Bxc3+ 5. bxc3 c5 6. f3 Nh5 7. Nh3 Nc6 8. e3 0-0 9. Bd3 h6 10. 0-0 d6 11. Nf2 f5 12. Ra2 e5 13. dxc5 dxc5 14. Rd2 Qe7 15. e4 f4 16. Be2 Be6 17. Rd5 Rad8 18. Qa4 Bxd5 19. cxd5 Nb8 20. Qxa7 Rf6 21. a4 Qc7 22. Ba3 c4 23. Rb1 Ra6 24. Qxb7 Qxb7 25. Rxb7 Rxa4 26. Bb4 Ra1+ 27. Nd1 Na6 28. Kf1 Nxb4 29. Rxb4 Rc8 30. Ke1 Ra2 31. Kf1 Ra1 32. Ke1 Ra2 33. Nb2 Ra3 34. Kd2 Rb3 35. Bxc4 Rxb2+ 36. Rxb2 Rxc4 37. Kd3 Rc8 38. c4 Nf6 39. Rb7 Kf8 40. Kc3 Ne8 41. Rb6 Nf6 42. Kb4 Nd7 43. Rb5 Rb8 44. c5 Ke7 45. c6 Rxb5+ 46. Kxb5 Nf6 47. Kc5 Ne8 48. Kb6 Kd6 49. Kb7 g5 50. Kb6 h5 51. h3 h4 52. Kb7 Nc7 53. Kc8 Nb5 54. Kd8 Nc7 1/2-1/2